| 000 | 00522nam a2200169 u 4500 | ||
|---|---|---|---|
| 001 | 000004812 | ||
| 005 | 20200929151516.0 | ||
| 008 | 090727s19uu dr r 001 0 spa d | ||
| 040 |
_aDO-SdBNP _bspa _cBNPHU |
||
| 082 |
_axxxx _bD663p |
||
| 100 | 1 |
_aD'oleo, Frank _910319 |
|
| 245 | 1 | 0 |
_aProyectos de investigación, monografías y tesis : _b(guía técnica metodológica) / _cFrank D'oleo. |
| 300 |
_a149 p. ; _c28 cm. |
||
| 500 | _aIncluye índice | ||
| 500 | _aIncluye datos biográficos | ||
| 500 | _aIncluye bibliografía | ||
| 999 |
_c4618 _d4618 |
||